[Event "POL-ch Academic (Women)"]
[Site "Chorzow"]
[Date "2021.05.15"]
[Round "7.2"]
[White "Frej, Zofia"]
[Black "Kubicka, Anna"]
[Result "0-1"]
[WhiteElo "1976"]
[BlackElo "2235"]
[PlyCount "32"]
[EventDate "2021.05.14"]
[EventType "swiss (rapid)"]
[EventRounds "9"]
[EventCountry "POL"]
[SourceTitle "CBM 202 Extra"]
[Source "ChessBase"]
[SourceDate "2021.07.31"]
[SourceVersion "1"]
[SourceVersionDate "2021.07.31"]
[SourceQuality "1"]

1. e4 c5 2. Nf3 d6 3. c3 Nf6 4. h3 g6 5. Bd3 Bg7 6. 0-0 0-0 7. Bc2 a6 8. d4 cxd4 9. cxd4 Nbd7 10. Nc3 b5 11. a3 Bb7 12. Be3 Rc8 13. Qd2 Nb6 14. b3 Qc7 15. Rfc1 Qxc3 16. Qe2 Qc7 0-1

[Event "POL-ch Academic (Women)"]
[Site "Chorzow"]
[Date "2021.05.15"]
[Round "9.7"]
[White "Rykala, Monika"]
[Black "Frej, Zofia"]
[Result "1-0"]
[WhiteElo "1883"]
[BlackElo "1976"]
[PlyCount "65"]
[EventDate "2021.05.14"]
[EventType "swiss (rapid)"]
[EventRounds "9"]
[EventCountry "POL"]
[SourceTitle "CBM 202 Extra"]
[Source "ChessBase"]
[SourceDate "2021.07.31"]
[SourceVersion "1"]
[SourceVersionDate "2021.07.31"]
[SourceQuality "1"]

1. d4 d5 2. e3 e6 3. Nf3 Nf6 4. b3 c5 5. Bb2 Nc6 6. Nbd2 Be7 7. Bd3 cxd4 8. exd4 Nb4 9. Be2 Qc7 10. c3 Nc6 11. 0-0 0-0 12. Bd3 h6 13. Qe2 b6 14. Rac1 Bb7 15. Rfe1 Qf4 16. Nf1 Ng4 17. h3 Nf6 18. Rc2 Rac8 19. Bc1 Qc7 20. Ne5 Nxe5 21. dxe5 Nd7 22. Qh5 Nc5 23. Re3 Bg5 24. Rg3 Bxc1 25. Rxc1 Nxd3 26. Rxd3 Kh7 27. Nh2 Qe7 28. Rg3 g6 29. Qe2 d4 30. Ng4 dxc3 31. Qe3 g5 32. Nf6+ Kg7 33. Rxg5+ 1-0

[Event "POL-chT U20"]
[Site "Szczyrk"]
[Date "2017.07.29"]
[Round "8.11"]
[White "Frej, Zofia"]
[Black "Kubicka, Anna"]
[Result "1-0"]
[WhiteElo "1927"]
[BlackElo "2152"]
[PlyCount "106"]
[EventDate "2017.07.22"]
[EventType "team-tourn"]
[EventRounds "9"]
[EventCountry "POL"]
[SourceTitle "EXT 2019"]
[Source "ChessBase"]
[SourceDate "2018.10.10"]
[SourceVersion "1"]
[SourceVersionDate "2018.10.10"]
[SourceQuality "1"]

1. d4 Nf6 2. Nf3 g6 3. e3 Bg7 4. Be2 d6 5. c4 Nbd7 6. Nc3 0-0 7. 0-0 e5 8. Qc2 c6 9. b3 Re8 10. Bb2 Qc7 11. Rfc1 a5 12. a3 exd4 13. exd4 Nb6 14. Re1 Be6 15. a4 Nh5 16. Qd2 d5 17. c5 Nd7 18. g3 Bg4 19. Nh4 Bxe2 20. Nxe2 Re4 21. f3 Ree8 22. Rac1 Nf8 23. Ng2 Ne6 24. Red1 Bf6 25. f4 Bg7 26. Nh4 Nf6 27. Ba3 Ne4 28. Qd3 Qe7 29. Rc2 Qf6 30. Bb2 Nf8 31. Nf3 Qf5 32. Ne5 Qh3 33. Nc3 f6 34. Nxe4 dxe4 35. Qc4+ Qe6 36. Qxe6+ Nxe6 37. Nc4 f5 38. Nd6 Re7 39. Nc4 Rd8 40. Rcd2 Red7 41. Kf1 Nxd4 42. Bxd4 Rxd4 43. Rxd4 Bxd4 44. Nxa5 Ra8 45. Nxb7 Rb8 46. Rxd4 Rxb7 47. b4 Kg7 48. Ke2 h6 49. Rc4 Kf7 50. b5 Ke6 51. b6 Rb8 52. a5 Kd7 53. a6 Re8 1-0

[Event "POL-chT U20"]
[Site "Szczyrk"]
[Date "2017.07.25"]
[Round "4.23"]
[White "Frej, Zofia"]
[Black "Kiolbasa, Oliwia"]
[Result "1/2-1/2"]
[WhiteElo "1927"]
[BlackElo "2253"]
[PlyCount "102"]
[EventDate "2017.07.22"]
[EventType "team-tourn"]
[EventRounds "9"]
[EventCountry "POL"]
[SourceTitle "EXT 2019"]
[Source "ChessBase"]
[SourceDate "2018.10.10"]
[SourceVersion "1"]
[SourceVersionDate "2018.10.10"]
[SourceQuality "1"]

1. d4 Nf6 2. Nf3 g6 3. e3 Bg7 4. Be2 0-0 5. 0-0 c5 6. dxc5 Na6 7. Nd4 Nxc5 8. b4 Ne6 9. Bb2 a5 10. b5 d6 11. Nd2 Nc5 12. a4 Qc7 13. c4 Rd8 14. N4b3 Nfe4 15. Bxg7 Nxd2 16. Nxd2 Kxg7 17. Nb3 Nxb3 18. Qxb3 Be6 19. Rac1 Rac8 20. Rfd1 b6 21. h3 Qc5 22. Qb2+ Kg8 23. Rd4 Qe5 24. Qd2 Rc7 25. Bg4 Bxg4 26. Rxg4 Rdc8 27. Rd4 Rc5 28. Qd3 Qe6 29. e4 f5 30. exf5 Qxf5 31. Qxf5 gxf5 32. Rc3 Kf7 33. Rh4 Kf6 34. Rxh7 Rxc4 35. Rg3 Rxa4 36. Rh6+ Ke5 37. Rh7 e6 38. Rb7 f4 39. Rg5+ Ke4 40. h4 Ra1+ 41. Kh2 Rh8 42. f3+ Kd4 43. h5 e5 44. Rxb6 Kd5 45. Ra6 a4 46. Kh3 Rh1+ 47. Kg4 Rh2 48. Rxa4 Rxg2+ 49. Kh4 Rh2+ 50. Kg4 Rg2+ 51. Kh4 Rh2+ 1/2-1/2

[Event "EU-ch U16 Girls 26th"]
[Site "Prague"]
[Date "2016.08.22"]
[Round "5"]
[White "Frej, Zofia"]
[Black "Nilssen, Ellen Fredericia"]
[Result "1/2-1/2"]
[WhiteElo "1881"]
[BlackElo "1947"]
[PlyCount "49"]
[EventDate "2016.08.18"]
[EventType "swiss"]
[EventRounds "9"]
[EventCountry "CZE"]
[SourceTitle "CBM 174 Extra"]
[Source "ChessBase"]
[SourceDate "2016.10.10"]
[SourceVersion "1"]
[SourceVersionDate "2016.10.10"]
[SourceQuality "1"]

1. d4 Nf6 2. Nf3 e6 3. c4 d5 4. g3 Be7 5. Bg2 0-0 6. 0-0 Ne4 7. Nc3 f5 8. cxd5 exd5 9. Qb3 c6 10. Ne5 Qb6 11. Rd1 Be6 12. e3 Nd7 13. Nxd7 Bxd7 14. f3 Nd6 15. Na4 Qxb3 16. axb3 a6 17. Nc5 Be8 18. Bd2 Bg6 19. Ba5 Rfe8 20. f4 Bd8 21. Bxd8 Raxd8 22. Kf2 Re7 23. Nd3 h6 24. Ne5 Bh5 25. Rg1 1/2-1/2

[Event "POL-chT U20"]
[Site "Suchedniow"]
[Date "2016.07.23"]
[Round "1.11"]
[White "Cieslak, Wiktoria"]
[Black "Frej, Zofia"]
[Result "1/2-1/2"]
[WhiteElo "1983"]
[BlackElo "1929"]
[PlyCount "173"]
[EventDate "2016.07.23"]
[EventType "team-tourn"]
[EventRounds "9"]
[EventCountry "POL"]
[SourceTitle "EXT 2019"]
[Source "ChessBase"]
[SourceDate "2018.10.10"]
[SourceVersion "1"]
[SourceVersionDate "2018.10.10"]
[SourceQuality "1"]

1. e4 e6 2. d4 d5 3. Nd2 dxe4 4. Nxe4 Nd7 5. Nf3 Ngf6 6. Nxf6+ Nxf6 7. Bg5 c5 8. Bd3 cxd4 9. Nxd4 Be7 10. 0-0 0-0 11. c3 h6 12. Bh4 Bd7 13. Re1 Bc6 14. Nxc6 bxc6 15. Qe2 Qb6 16. Rad1 Rfd8 17. Bb1 Rxd1 18. Rxd1 Rd8 19. Rxd8+ Qxd8 20. h3 Qd7 21. Qd3 Qxd3 22. Bxd3 Bd6 23. f3 Kf8 24. Bf2 c5 25. g3 Nd5 26. a3 f5 27. c4 Nf6 28. b4 Nd7 29. Be1 Kf7 30. Kf2 Ne5 31. Be2 Nc6 32. b5 Nd4 33. Bd1 Ke7 34. a4 Kd7 35. a5 Bc7 36. f4 e5 37. fxe5 Bxe5 38. Ke3 Kc8 39. g4 g6 40. gxf5 gxf5 41. Bh4 Kc7 42. Be7 Ne6 43. Bc2 Nd4 44. Bd3 Bh2 45. Bf6 Bg1+ 46. Kf4 Bh2+ 47. Ke3 Bg1+ 48. Kd2 Nb3+ 49. Kc3 Nxa5 50. Be5+ Kb6 51. Bxf5 Nb7 52. Kd3 Nd8 53. Bg7 h5 54. Bf6 Kc7 55. Bg6 Ne6 56. Be5+ Kb6 57. Bxh5 a6 58. bxa6 Kxa6 59. Bg4 Ng5 60. h4 Nf7 61. Bg7 Bf2 62. h5 Bh4 63. Be6 Ng5 64. Bc8+ Kb6 65. h6 Nh7 66. Bf5 Nf6 67. Ke2 Bg5 68. Kf3 Kc7 69. Bf8 Kb6 70. Ke2 Kc6 71. Kd3 Kb6 72. Kc2 Kc6 73. Kb3 Kb6 74. Ka4 Be3 75. h7 Nxh7 76. Bxh7 Bg5 77. Bg6 Bf6 78. Be8 Bg5 79. Kb3 Bf6 80. Kc2 Bh4 81. Kd3 Bf2 82. Ke4 Ka5 83. Kd5 Kb4 84. Bd6 Be3 85. Bh5 Bd4 86. Bg3 Ka5 87. Be1+ 1/2-1/2

[Event "POL-ch U16 Girls"]
[Site "Szklarska Poreba"]
[Date "2016.03.20"]
[Round "9"]
[White "Frej, Zofia"]
[Black "Cieslak, Wiktoria"]
[Result "1/2-1/2"]
[WhiteElo "1792"]
[BlackElo "1904"]
[PlyCount "81"]
[EventDate "2016.03.13"]
[EventType "swiss"]
[EventRounds "9"]
[EventCountry "POL"]
[SourceTitle "EXT 2018"]
[Source "ChessBase"]
[SourceDate "2017.10.13"]
[SourceVersion "1"]
[SourceVersionDate "2017.10.13"]
[SourceQuality "1"]

1. d4 Nf6 2. Nf3 g6 3. c4 Bg7 4. Nc3 0-0 5. e4 d6 6. Be2 Nbd7 7. 0-0 e5 8. dxe5 dxe5 9. Qc2 c6 10. Bg5 Qc7 11. Rfd1 h6 12. Bxf6 Nxf6 13. b4 Nh5 14. c5 Nf4 15. Rd6 Bg4 16. Nh4 Be6 17. Rad1 Rfd8 18. Nf3 Rd7 19. Rxd7 Bxd7 20. Bc4 Be6 21. Ne2 Bxc4 22. Qxc4 Ne6 23. g3 Rd8 24. Rd3 a5 25. a3 axb4 26. axb4 b5 27. cxb6 Qxb6 28. Rxd8+ Qxd8 29. Kg2 Qd6 30. b5 cxb5 31. Qxb5 Nd4 32. Nexd4 exd4 33. e5 Qd8 34. Qd3 Qd5 35. Qxd4 Qxd4 36. Nxd4 Bxe5 37. Nc6 Bc3 38. Ne7+ Kg7 39. f4 Bd2 40. Nd5 f5 41. Kf3 1/2-1/2

[Event "POL-ch U16 Girls"]
[Site "Szklarska Poreba"]
[Date "2016.03.18"]
[Round "7"]
[White "Kaczmarska, Joanna"]
[Black "Frej, Zofia"]
[Result "1/2-1/2"]
[WhiteElo "2013"]
[BlackElo "1792"]
[PlyCount "118"]
[EventDate "2016.03.13"]
[EventType "swiss"]
[EventRounds "9"]
[EventCountry "POL"]
[SourceTitle "EXT 2018"]
[Source "ChessBase"]
[SourceDate "2017.10.13"]
[SourceVersion "1"]
[SourceVersionDate "2017.10.13"]
[SourceQuality "1"]

1. d4 d5 2. Nf3 c5 3. c4 dxc4 4. e3 e6 5. Bxc4 Nf6 6. Nc3 Nc6 7. 0-0 a6 8. a4 Be7 9. b3 0-0 10. Bb2 Qc7 11. Qe2 b6 12. h3 Bb7 13. Rfd1 Rfd8 14. Rac1 Na5 15. Ne5 Nxc4 16. bxc4 Bd6 17. f4 Ne4 18. Rc2 f6 19. Nf3 Qf7 20. Nxe4 Bxe4 21. Rcd2 Bxf3 22. Qxf3 cxd4 23. Rxd4 Bc7 24. Rxd8+ Rxd8 25. Rxd8+ Bxd8 26. Qa8 Qc7 27. Qxa6 Kf7 28. Qb5 g6 29. Bd4 Qd6 30. Kh1 Bc7 31. c5 bxc5 32. Bxc5 Qd1+ 33. Kh2 Qd5 34. Bd4 Bxf4+ 35. Kg1 Qxb5 36. axb5 Bb8 37. e4 e5 38. Bc5 Ke6 39. Kf2 Bd6 40. Bb6 Bb8 41. Ke3 f5 42. Kd3 Kd6 43. Kc4 fxe4 44. Bc5+ Ke6 45. g4 h5 46. b6 hxg4 47. hxg4 e3 48. Bxe3 Kd6 49. Bc5+ Kc6 50. Bf8 Kxb6 51. Kd5 e4 52. Bc5+ Kb5 53. Be3 Bc7 54. Kxe4 Kc6 55. Bf4 Bd8 56. Ke5 Bc7+ 57. Ke4 Bd8 58. Be5 Kd7 59. Bf4 Ke6 1/2-1/2

[Event "POL-chT3 Dolnoslaskie 1516"]
[Site "Poland"]
[Date "2016.01.10"]
[Round "5.19"]
[White "Frej, Zofia"]
[Black "Czapulak, Grzegorz"]
[Result "1/2-1/2"]
[WhiteElo "1768"]
[BlackElo "1633"]
[PlyCount "84"]
[EventDate "2015.10.18"]
[EventType "team-tourn"]
[EventRounds "11"]
[EventCountry "POL"]
[SourceTitle "EXT 2018"]
[Source "ChessBase"]
[SourceDate "2017.10.13"]
[SourceVersion "1"]
[SourceVersionDate "2017.10.13"]
[SourceQuality "1"]

1. e4 c5 2. Nf3 d6 3. d4 cxd4 4. Nxd4 Nf6 5. Nc3 e6 6. Be3 a6 7. g3 Be7 8. Bg2 0-0 9. 0-0 Nc6 10. Qe2 Qc7 11. Rfd1 Ne5 12. a4 Nc4 13. Bc1 Rd8 14. b3 Ne5 15. Bb2 Rb8 16. f4 Ng6 17. Nf3 b6 18. Kh1 Bb7 19. Rd2 d5 20. e5 Ng4 21. Nd4 Nh6 22. Rad1 Bc5 23. Bh3 Qc8 24. Qd3 Ne7 25. Nce2 Nhf5 26. Bg2 a5 27. c3 Ba6 28. Qf3 b5 29. axb5 Bxb5 30. Nxb5 Rxb5 31. Nd4 Nxd4 32. cxd4 Bb4 33. Rf2 Rd7 34. Qd3 Rb6 35. Rc2 Rc7 36. Rdc1 Rbc6 37. Rxc6 Rxc6 38. Rxc6 Qxc6 39. Kg1 Nf5 40. Bh3 g6 41. Bxf5 gxf5 42. Kg2 Kg7 1/2-1/2

[Event "POL-chT3 Dolnoslaskie 1516"]
[Site "Poland"]
[Date "2015.11.08"]
[Round "2.24"]
[White "Pietraszko, Jakub"]
[Black "Frej, Zofia"]
[Result "1-0"]
[WhiteElo "1669"]
[BlackElo "1768"]
[PlyCount "101"]
[EventDate "2015.10.18"]
[EventType "team-tourn"]
[EventRounds "11"]
[EventCountry "POL"]
[SourceTitle "EXT 2018"]
[Source "ChessBase"]
[SourceDate "2017.10.13"]
[SourceVersion "1"]
[SourceVersionDate "2017.10.13"]
[SourceQuality "1"]

1. d4 d5 2. Nc3 e6 3. e4 Nf6 4. Bg5 Be7 5. e5 Nfd7 6. h4 c5 7. Bxe7 Qxe7 8. Nb5 Kd8 9. c3 cxd4 10. cxd4 Qb4+ 11. Qd2 Qxd2+ 12. Kxd2 Nc6 13. f4 f6 14. Nf3 a6 15. Nd6 Rf8 16. Bd3 h6 17. Ke3 fxe5 18. fxe5 Kc7 19. Rac1 b5 20. Rc2 Nb6 21. b3 Bd7 22. Rhc1 Nc8 23. Nxc8 Raxc8 24. a4 Kb6 25. Ne1 Na5 26. Rxc8 Rxc8 27. Rxc8 Bxc8 28. axb5 axb5 29. Bc2 Nc6 30. Nd3 Ka5 31. Bd1 b4 32. Nc5 Kb6 33. Bg4 Nd8 34. Kf4 Kc7 35. Bh3 g6 36. g4 Kb6 37. g5 h5 38. Bf1 Nc6 39. Ke3 Kc7 40. Bh3 Nd8 41. Nd3 Bd7 42. Nf4 Be8 43. Bxe6 Nxe6 44. Nxe6+ Kc6 45. Nc5 Bf7 46. Kf4 Be8 47. Nd3 Bf7 48. Nxb4+ Kd7 49. Nd3 Be8 50. Nc5+ Ke7 51. Ke3 1-0

[Event "POL-ch U14 Girls"]
[Site "Suwalki"]
[Date "2015.04.13"]
[Round "8"]
[White "Frej, Zofia"]
[Black "Buchta, Agnieszka"]
[Result "1-0"]
[WhiteElo "1854"]
[BlackElo "1647"]
[PlyCount "55"]
[EventDate "2015.04.08"]
[EventType "swiss"]
[EventRounds "9"]
[EventCountry "POL"]
[SourceTitle "EXT 2017"]
[Source "ChessBase"]
[SourceDate "2016.10.25"]
[SourceVersion "1"]
[SourceVersionDate "2016.10.25"]
[SourceQuality "1"]

1. e4 c5 2. Nf3 e6 3. Nc3 Nc6 4. d4 cxd4 5. Nxd4 Nf6 6. Ndb5 Bb4 7. a3 Bxc3+ 8. Nxc3 d5 9. exd5 exd5 10. Bd3 0-0 11. 0-0 d4 12. Ne4 h6 13. Qf3 Nd5 14. Qg3 Kh8 15. Re1 b6 16. Nd6 Be6 17. Re4 Qf6 18. Bd2 Nce7 19. Rh4 Ng6 20. Bxg6 fxg6 21. Bg5 Nf4 22. Bxf4 Kg8 23. Be5 Qe7 24. Rxd4 g5 25. Re1 h5 26. Qe3 Bd7 27. Rc4 Rae8 28. Rc7 1-0